00526nam a2200145Ia 4500008004100000100001700041245015500058245001700213260003900230260000900269300001000278650001800288650001500306856005900321170221s9999 xx 000 0 und d aRodney Ciboh aPassive Accomplice or Active Acquiescent to Corruption in Nigeria? Evidence from Newspapers’ Sourcing of Information on Corruption from 2000 - 2006  cRodney Ciboh bStudies in Media and Communication c2014 a2 : 1 xCommunication xMedia Arts uhttp://redfame.com/journal/index.php/smc/issue/view/13